Giới và dự án phát triển

Đã lưu trong:
书目详细资料
主要作者: Lê, Thị Chiêu Nghi
格式: 图书
语言:Undetermined
出版: Thành phố Hồ Chí Minh Nhà xuất bản Thành phố Hồ Chí Minh 2001
主题:
标签: 添加标签
没有标签, 成为第一个标记此记录!
Thư viện lưu trữ: Trung tâm Học liệu Trường Đại học Cần Thơ
LEADER 00591nam a2200181Ia 4500
001 CTU_124634
008 210402s9999 xx 000 0 und d
082 |a 305.3 
082 |b Ngh300 
100 |a Lê, Thị Chiêu Nghi 
245 0 |a Giới và dự án phát triển 
245 0 |c Lê Thị Chiêu Nghi 
260 |a Thành phố Hồ Chí Minh 
260 |b Nhà xuất bản Thành phố Hồ Chí Minh 
260 |c 2001 
650 |a Equality,Social justice,Gender identity 
904 |i M.Loan 
980 |a Trung tâm Học liệu Trường Đại học Cần Thơ